00389nam a2200157Ia 45000010006000000050017000060080041000230410008000640820018000721000027000902450057001172600009001743000032001836500008002156540008002232268620260414150847.0260414t2007||||xx |||||||||||||| ||spa|| aESP a621.3841bK36 aKeith, Michael C.eAUT 4aThe radio station :bbroadcast, satellite & internet c2007 axv, 377 páginas :c25 cm. aTCA aCET